00597nam a22001937a 450000500170000001000150001702000110003203500140004303700130005708200130007010000160008324500680009925000180016726000400018527000540022530000240027950000790030370000210038220230912144518.0 aENG-137930 c240.00 aEN-121462 bDBAD/PUB a658.1511 aManimaran,S aAccounting For Management/cBy S.Manimaran and R. Bhagyalakshmi aFirst Edition aDindigulbAyyanar Pathippagamc202? a41/20, Vivekanantha Nagar Extn.bDindigule624001 a260p.c27cm(pbk)b  aFor First year MBA students, as per the latest syllabus of Anna University aBhagyalakshmi, R